LEADER 00960nam a2200217 i 4500 001 000000171112 003 CaOOAMICUS 005 20080418000000.0 008 080418s1942 it u000 u ita u 013 $a148536 040 $aSeMil$bita 100 1 $aRousseau, Jean-Jacques,$d<1712-1778>.$0(OLS)http://semarc/name/1179 245 13$aLe passeggiate del pensatore solitario /$cJean-Jacques Rousseau ; a cura di Zino Zini. 260 $aTorino :$bUnione Tipografico-Editrice Torinese,$c1942. 300 $a182 p., [1] p. di ritratto ;$c19 cm. 700 1 $aZini, Zino.$0(OLS)http://semarc/name/22601 850 $aSeMil 852 $aSeMil$W1$xVenegono$y1$m1W II 84$j121988$B121988$CSeMilBibl$Z2$F133208 $81 961 $aOmaggio: Biblioteca Seminario Seveso (fino al 1985) 996 $6245$aLe passeggiate del pensatore solitario$9(OLS)http://semarc/title/244782 996 $6260$aTorino :$bUnione Tipografico-Editrice Torinese$9(OLS)http://semarc/publisher/29628 LEADER 01000nam a2200217 i 4500 001 000000190130 003 CaOOAMICUS 005 20100529000000.0 008 100529s1961 it u000 u ita u 013 $a168483 040 $aSeMil$bita 100 1 $aMondrone, Domenico .$0(OLS)http://semarc/name/6125 245 13$aUn prete scomodo :$bDon Pietro Poveda Castroverde fondatore della Istituzione Teresiana /$cDomenico Mondrone S. I. 260 $aRoma :$bLa Civiltà Cattolica,$c1961. 300 $a393 p., [11] p. di tav. 22 cm. 500 $aContiene : Bibliografia. 600 14$aPoveda Castroverde, Pedro .$0(OLS)http://semarc/subject/16102 850 $aSeMil 852 $aSeMil$W1$xVenegono$y1$m3H II 255$j140759$B140759$CSeMilBibl$Z2$F152327 $81 996 $6245$aUn prete scomodo :$bDon Pietro Poveda Castroverde fondatore della Istituzione Teresiana$9(OLS)http://semarc/title/129528 996 $6260$aRoma :$bLa Civiltà Cattolica$9(OLS)http://semarc/publisher/29890